Shomin no hakken /

Saved in:
Bibliographic Details
Main Author: Miyamoto, Tsuneichi, 1907-1981.
Format: Book
Language:Japanese
Published: Tōkyō : Miraisha, 1976.
Series:Miyamoto Tsuneichi chosakushū ; dai 21-kan.
Subjects:
Tags: Add Tag
No Tags, Be the first to tag this record!
LEADER 01063nam a2200301 i 4500
001 007715005-8
005 20024617115958.0
008 910326s1976 ja a 000 0 jpn
010 |a 78809700 /J 
015 |a Ja*** 
035 0 |a ocm23297134 
040 |a DLC  |c CLU  |d *YNH*  |d CStRLIN 
050 0 |a DS821  |b .M617 vol. 21  |a HD1513J3 
100 1 |6 880-01  |a Miyamoto, Tsuneichi,  |d 1907-1981. 
245 1 0 |6 880-02  |a Shomin no hakken /  |c [chosha Miyamoto Tsuneichi] 
260 |6 880-03  |a Tōkyō :  |b Miraisha,  |c 1976. 
300 |a 331 p. :  |b ill. ;  |c 19 cm. 
490 1 |6 880-04  |a Miyamoto Tsuneichi chosakushū ;  |v dai 21-kan 
650 0 |a Peasants  |z Japan. 
651 0 |a Japan  |x Social life and customs. 
880 1 |6 100-01  |a 宮本常一,  |d 1907- 
880 1 0 |6 245-02  |a 庶民の発見 /  |c [著者宮本常一] 
880 |6 260-03  |a 東京 :  |b 未来社,  |c 1976. 
880 1 |6 490-04  |a 宮本常一著作集 ;  |v 第21卷 
830 0 |6 880-54  |a Miyamoto Tsuneichi chosakushū ;  |v dai 21-kan. 
880 0 |6 830-54  |a 宮本常一著作集 ;  |v 第21卷. 
988 |a 20021214 
906 |0 DLC